| 000 | 00845nam a2200277 a 4500 | ||
|---|---|---|---|
| 003 | MX-MxUPN | ||
| 005 | 20240924065818.0 | ||
| 008 | 200123s1996 mx rb 001 0 spa d | ||
| 020 | _a9683805426 | ||
| 035 | _aUPN01000235069 | ||
| 040 |
_aMX-MxUPN _bspa _cMX-MxUPN |
||
| 041 | 1 |
_aspa _heng |
|
| 050 | 1 | 4 |
_aHF5549.5 T7 _bS72 1996 |
| 100 | 1 |
_aStoneall, Linda _947758 |
|
| 245 | 1 | 0 | _aCómo escribir materiales para capacitación |
| 250 | _aPrimera edición. | ||
| 260 |
_aMéxico, D.F. : _bPanorama, _c1996. |
||
| 300 | _a151 páginas | ||
| 500 | _aTraducción de: How to write training materials | ||
| 504 | _aIncluye referencias bibliográficas e índice. | ||
| 650 | 4 |
_aManuales de capacitación _921687 |
|
| 650 | 4 |
_aEmpleados _xCapacitación _9979 |
|
| 902 | _aVíctor Ruiz/080223 | ||
| 942 |
_2lcc _cLIBRO |
||
| 999 |
_c207164 _d207164 |
||